Ecosistemas (Registro nro. 7224)

Detalles MARC
000 -CABECERA
Campo de control 01079nam a2200193 a 4500
090 ## - CLASIFICACIÓN LOCAL
Colección IAVH
Consecutivo 01299 CD-1
041 ## - IDIOMA
Código de idioma para texto/pista de sonido o título separado Español
245 ## - MENCION DE TITULO
Título Ecosistemas
249 ## -
-- Informe de actividades de apoyo en los eventos de socialización y retroalimentación del PAB Córdoba
260 ## - PUBLICACION, DISTRIBUCION, ETC. (PIE DE IMPRENTA)
Lugar de publicación, distribución, etc. Montería
Nombre del editor, distribuidor, etc. IAVH
-- CVS
Fecha de publicación, distribución, etc. 2008
300 ## - DESCRIPCION FISICA
Extensión 1 CD
505 ## - NOTA DE CONTENIDO
Nota de contenido Bases de datos biodiversidad -- Biodiversidad Unicórdoba -- Caracterización flora y fauna ciénaga Bañó -- Dinámica hídrica CGA bajo Sinú -- Ecoturismo Baño -- Estudio hidrogeológico Ayapel -- Mercurio Ciénaga de Ayapel -- Ordenamiento zona amortiguadora PNNP -- Plan de manejo PNN Paramillo -- Plan seguimiento monitor ZDERS -- Planes de manejo ciénagas Sinú, San Jorge -- PMA ciénaga Grande Bajo Sinú -- Shapes limites PNNP
650 ## - ASIENTO SECUNDARIO DE MATERIA - TERMINO TEMATICO
Término temático o nombre geográfico como elemento de entrada Planes de manejo
650 ## - ASIENTO SECUNDARIO DE MATERIA - TERMINO TEMATICO
Término temático o nombre geográfico como elemento de entrada Recursos hídricos
650 ## - ASIENTO SECUNDARIO DE MATERIA - TERMINO TEMATICO
Término temático o nombre geográfico como elemento de entrada Ecoturismo
650 ## - ASIENTO SECUNDARIO DE MATERIA - TERMINO TEMATICO
Término temático o nombre geográfico como elemento de entrada Planes de ordenamiento
662 ## - ASIENTO SECUNDARIO DE MATERIA - JERARQUIA DEL NOMBRE DE LUGAR(
Jurisdicción política de primer orden Córdoba
773 ## - Item fuente:
Título Informe de actividades de apoyo en los eventos de socialización y retroalimentación del PAB Córdoba

No hay ítems disponibles.